000 00702nam a22002417a 4500
003 UA-OsUOA
001 106003
007 ta
008 20140423b un ||||| |||| 00| 0 ukr d
100 _aСнайдер Т.
090 _a94:323.1(4)
_bС53
942 _cBK
040 _aUA-OsUOA
_bukr
_cUA-OsUOA
_dUA-OsUOA
245 _aПеретворення націй. Польща, Україна, Литва, Білорусь 1569 - 1999
300 _a464 с.
955 _a2
041 _aukr
080 _a94:323.1(4)
020 _a978-966-378-245-4
260 _aК.
_bДух і Літера
_c2012
650 7 _a9 Географія. Біографії. Історія
_2UDC
999 _c392187
_d392187